Controlling

Salvato in:
Dettagli Bibliografici
Autore principale: Serfing, Klaus
Natura: Libro
Lingua:tedesco
Pubblicazione: Stuttgart Kohlhammer 1992
Edizione:2. überarb. und erw. Aufl.
Soggetti:
Tags: Aggiungi Tag
Nessun Tag, puoi essere il primo ad aggiungerne!!

MARC

LEADER 00000nam a2200000 4500
001 c003551
005 20221206083010.1
020 |a 3-17-011557-X 
041 0 |a ger 
044 |a DE 
245 1 0 |a Controlling  |c Klaus Serfing 
250 |a 2. überarb. und erw. Aufl. 
264 1 |a Stuttgart  |b Kohlhammer  |c 1992 
300 |a 358 s. 
610 2 0 |a kontroling 
610 2 0 |a riadenie podnikové 
610 2 0 |a štruktúra organizačná 
610 2 0 |a podnik 
610 2 0 |a účtovníctvo 
610 2 0 |a systémy informačné podnikové 
610 2 0 |a náklady 
610 2 0 |a koordinácia 
610 2 0 |a plánovanie finančné 
610 2 0 |a systémy informačné manažérske 
610 2 0 |a rozpočtovníctvo 
610 2 0 |a investície 
610 2 0 |a plánovanie strategické 
100 1 |a Serfing, Klaus